Una estrategia tecnológica para el sector industrial costarricense /

Sparad:
Bibliografiska uppgifter
Huvudupphovsman: Weisleder Weisleder, Saúl
Materialtyp: Text
Taggar: Lägg till en tagg
Inga taggar, Lägg till första taggen!

MARC

LEADER 00000 a a2200000 04500
001 3064
003
040
100 |a Weisleder Weisleder, Saúl  
245 |a Una estrategia tecnológica para el sector industrial costarricense /  |c Saúl Weisleder Weisleder 
773 |g volumen 3, número 2; páginas 47-58  
999 |c 38082  |d 38082